Pays ayant gagné l'Eurovision - Statistiques

Statistiques générales
  • Ce quiz a été pris 76 fois
  • Le résultat moyen est 22 sur 27
Statistiques - réponses
# Pays Dernière fois % Correct
5 France 1977
95%
1 Portugal 2017
94%
7 Irlande 1996
92%
3 Italie 2021
92%
7 Suède 2023
92%
2 Allemagne 2010
91%
3 Autriche 2025
91%
5 Pays-Bas 2019
91%
3 Danemark 2013
86%
2 Espagne 1969
86%
5 Luxembourg 1983
86%
3 Norvège 2009
86%
1 Russie 2008
86%
3 Suisse 2024
86%
1 Belgique 1986
85%
1 Grèce 2005
85%
5 Royaume-Uni 1997
85%
3 Ukraine 2022
85%
1 Finlande 2006
83%
4 Israël 2018
82%
1 Estonie 2001
78%
1 Lettonie 2002
77%
1 Serbie 2007
72%
1 Turquie 2003
69%
1 Monaco 1971
57%
1* Yougoslavie 1989
57%
1 Azerbaïdjan 2011
51%
Aucun quiz correspondant
Distribution des résultats
% des personnes avec chaque résultat
Percentile par nombre de réponses
Votre historique - résultats
Vous n’avez pas pris ce quiz